MARC

LEADER 00000nab a2200000 4500
001 vtls011751161
003 SK-MaSNL
005 20260318132853.0
008 180416|2018 xo |||| || ||00 0|hun
015 |a SNBRB2018/04 
040 |a DSZK  |b slo  |c DSZK  |e rda 
041 |a hun 
043 |a e-xo--- 
044 |a xo  |c SK 
072 7 |a 796  |x Šport. Hry. Telesné cvičenia  |2 konspekt 
080 |a 796.81/.82  |x (437.6)  |2 2011 
100 1 |a (álló)  |4 aut  |9 1086335 
245 1 0 |a Dunaszerdahelyi, somorjai és bősi bajnoki címek  |c [szerző] (álló) 
300 |b Fotografie 
336 |a text  |b txt  |2 rdacontent 
337 |a bez média  |b n  |2 rdamedia 
338 |a zväzok  |b nc  |2 rdacarrier 
610 2 7 |a Zápasnícky klub (Dunajská Streda, Slovensko)  |2 dszk  |9 1087082 
610 2 7 |a Zápasnícky a športový klub Russel (Gabčíkovo, Slovensko)  |2 dszk  |9 1192800 
610 2 7 |a Majstrovstvá Slovenska v zápasení kadetov  |d (2018 :  |c Chotín, Slovensko)  |2 dszk  |9 1195192 
650 0 7 |a zápasenie  |2 SNKPH  |9 13273 
651 7 |a Dunajská Streda (Slovensko)  |2 SNKPHgeo  |9 17375 
651 7 |a Gabčíkovo (Slovensko)  |2 SNKPHgeo  |9 23512 
651 7 |a Šamorín (Slovensko)  |2 SNKPHgeo  |9 28925 
651 7 |a Chotín (Slovensko)  |2 SNKPHgeo  |9 26165 
773 0 |t Csallóköz  |g Évf. 58, sz. 8 (2018), o. 44  |x 1336-3638 
958 |a SK 
999 |c 2079921  |d 2081851